000 00559nam a2200217Ia 4500
005 20250425162824.0
008 250425s9999 xx 000 0 und d
020 _a0124779131
041 _aeng
100 _aMASON, WARREN P.
245 0 _aPHYSICAL ACOUSTICS: PRINCIPLES AND METHODS (VOLUME XIII)
250 _a1ST ED.
264 _aEstados Unidos, NEW YORK
_bACADEMIC PRESS
_c1977.
300 _a282
362 _a13
650 _aTECNOLOGIA DEL SONIDO
650 _aULTRASONIDOS
700 _aTHURSTON, R.N.
942 _c01
010 _a110396
999 _c237134
_d237134